Statistics for 100k+ Cities of Europe by Letter on a Map - D

Click here to take the quiz!

General Stats

  • This quiz has been taken 357 times
  • The average score is 12 of 19

Answers on the Map

Answers color-coded by a green-red scale on the quiz's map according to % correct below.
 

Answer Stats

PopulationCity% Correct
1.02MDublin
99%
487kDresden
95%
573kDusseldorf
93%
1.02MDonetsk
85%
588kDortmund
85%
148kDundee
85%
150kDijon
80%
1.03MDnipro
77%
504kDuisburg
68%
204kDebrecen
66%
122kDurres
62%
270kDerby
56%
112kDaugavpils
52%
140kDarmstadt
43%
158kDoncaster
42%
119kDordrecht
41%
123kDos Hermanas
25%
131kDabrowa Gornicza
14%
102kDrobeta-Turnu Severin
10%

Score Distribution

Percentile by Number Answered

Percent of People with Each Score

Your Score History

You have not taken this quiz